000 00539cam a2200217 a 4500
001 3826672
005 20180226074425.0
008 900103s1987 mnu b 000 0 eng
010 _a 86082660
020 _a0894864025
040 _aDLC
_cDLC
_dDLC
041 _aeng
080 _a616.86 BEA
082 0 0 _a616.86 BEA
_220
100 1 _a4
101 _aSHM
245 1 0 _aCodependent no more /
_cMelody Beattie.
504 _aBibliography: p. 217-222.
906 _a7
_bcbc
_corignew
_d3
_eopcn
_f19
_gy-gencatlg
942 _2ddc
_cBK
999 _c43459
_d43459